| 000 | 01054nam a22002177a 4500 | ||
|---|---|---|---|
| 003 | JO-AjAnu | ||
| 005 | 20240623130714.0 | ||
| 008 | 231211b jo ||||| |||| 00| 0 ara d | ||
| 040 |
_aJO-AjAnu _beng _cJO-AjAnu _erda |
||
| 041 | 0 |
_aeng _heng |
|
| 050 |
_aHF5626. _bM37 2008 |
||
| 100 | 1 |
_aMardini,Ghassan H _964904 _ePrepared |
|
| 245 | 0 |
_aThe Extent of Application of the International Accounting Standard Number 18 (IAS 18) in the Jordanian Shareholding Industrial Companies = مدى تطبيق معيار المحاسبة الدولي رقم
(18) في الشركات الصناعية المساهمة الأردنية / _c supervisor Munther Talal Momany ؛ Preparad Ghassan Hani Mardini |
|
| 260 | _c2008 | ||
| 300 | _a89 paper | ||
| 500 | _aThesis(M.Ec. in Accounting)-Y.U.(Irbid-Jordan), Faculty of Economics and Administrative Sciences, Department of Accounting,2008 | ||
| 504 | _aتحتوي على مراجع | ||
| 650 | 4 | 0 |
_aAccounting- Standards- Jordan _964906 |
| 700 | 1 |
_aMomany, Munther T _964907 _esupervisor |
|
| 942 |
_2lcc _cTHS _n0 |
||
| 999 |
_c33269 _d33269 |
||